| 000 | 00449nam a2200205Ia 4500 | ||
|---|---|---|---|
| 001 | 12039 | ||
| 003 | GE_BSU | ||
| 008 | 181216s||||||||xx |||||||||||||| ||und|| | ||
| 020 | _a9780141040806 | ||
| 040 | _cGE_BSU | ||
| 080 | _a821.111-312.4 | ||
| 100 | _aBrokaw,Charles | ||
| 245 | 4 | _aThe Atlantis Code | |
| 260 | _aLondon | ||
| 260 | _bPenguin Books. | ||
| 260 | _c2009. | ||
| 300 | _a584p;18cm. | ||
| 653 | _aThe Atlantis Code | ||
| 942 | _cBK | ||
| 999 |
_c45216 _d45216 |
||